000 01344nam a2200253Ia 4500
001 17964
003 GE_BSU
008 181216s||||||||xx |||||||||||||| ||und||
020 _a978-9941-442-80-3
040 _cGE_BSU
080 _a373.3/5(73)
100 _aმათეუსი, ჯეი
245 _aიშრომე ბევრი,იყავი კეთილი= Work hard, be nice
245 _bროგორ შექმნა ორმა მონდომებულმა მასწავლებელმა ყველაზე პერსპექტიული სკოლები ამერიკაში
245 _cმთარგმნ. გიული ლეჟავა ; რედ. კახა ჯამბურია
260 _aთბილისი
260 _bსაუნჯე
260 _c2013
300 _a376 გვ. ; 19 სმ
653 _aიშრომე ბევრი, იყავი კეთილი
653 _aროგორ შექმნა ორმა მონდომებულმა მასწავლებელმა ყველაზე პერსპექტიული სკოლები ამერიკაში
653 _aსასკოლო განათლება ამერიკაში
942 _cBK
999 _c51007
_d51007